000 01056nam a2200217Ia 4500
003 Ost
005 20260507075129.0
008 260507s9999||||xx |||||||||||||| ||und||
040 _cfsecg
041 _aara
082 _a330
100 _aأندوراس، عاطف وليم
_eمؤلف
245 0 _aالتمويل والإدارة المالية للمؤسسات /
_c عاطف وليم أندوراس
260 _aالإسكندرية:
_bدار الفكر الجامعي,
_c2006
300 _a442 صفحة؛
_bإيضاحات ؛
_c24 سم
520 _aمفاهيم عامة في التمويل والإدارة المالية- القوائم المالية والتحليل المالي- التخطيط والتنبؤ المالي- إدارة رأس المال العامل- الموازنة الرأسمالية وتقييم القرارات الإستثمارية- مصادر التمويل وتكلفة الأموال.
653 _aالإدارة
653 _aالتمويل
653 _aالمؤسسات المالية
942 _cكتاب
999 _c43193
_d43193